[Event "Oslo Chess International - Håvard Vederhus' memorial"]
[Site "Ullevaal Stadion"]
[Date "2013.09.29"]
[Round "1"]
[White "Aarnes, Carl Christian"]
[Black "Bø, Torgeir H"]
[Result "1-0"]
[WhiteElo "1840"]
[BlackElo "1369"]
[PlyCount "81"]
[EventDate "2013.??.??"]

1. d4 c6 2. Nf3 d5 3. g3 Nf6 4. Bg2 Bf5 5. c4 e6 6. Nc3 Be7 7. O-O O-O 8. Nh4
Bg4 9. h3 Bh5 10. g4 Bg6 11. Nxg6 fxg6 12. Qb3 Qc7 13. f4 Nbd7 14. c5 h5 15. g5
Ne8 16. e4 Qc8 17. Be3 Nc7 18. Qc2 b6 19. b4 Qa6 20. Rf2 Nb5 21. Bf1 bxc5 22.
Nxb5 cxb5 23. dxc5 Qa3 24. Qb3 Qxb3 25. axb3 a6 26. Rd2 Rfd8 27. exd5 exd5 28.
Rxd5 Nf8 29. Bg2 Rxd5 30. Bxd5+ Kh8 31. Bxa8 Ne6 32. Rxa6 Nc7 33. Ra7 Bd8 34.
Be4 Ne6 35. Bxg6 Kg8 36. Bf7+ Kf8 37. Bxe6 g6 38. c6 Be7 39. Ra8+ Kg7 40. Bd4+
Kh7 41. Bg8#
1-0

[Event "Oslo Chess International - Håvard Vederhus' memorial"]
[Site "Ullevaal Stadion"]
[Date "2013.09.29"]
[Round "1"]
[White "Vederhus, Alf"]
[Black "Svanholm, Børge W"]
[Result "0-1"]
[WhiteElo "1278"]
[BlackElo "1838"]
[PlyCount "124"]
[EventDate "2013.??.??"]

1. e4 c5 2. Nf3 d6 3. d4 cxd4 4. Nxd4 Nf6 5. Nc3 a6 6. Bg5 e6 7. f4 Nbd7 8. Qe2
Qc7 9. O-O-O Be7 10. g3 O-O 11. Bg2 h6 12. Bh4 Rb8 13. e5 dxe5 14. fxe5 Nxe5
15. Bxf6 Bxf6 16. Ne4 Be7 17. g4 b5 18. h4 Bb7 19. Rdg1 Qc4 20. Qxc4 bxc4 21.
g5 h5 22. Ng3 g6 23. Ne4 Kg7 24. Rh3 Bd5 25. Nc3 Bxg2 26. Rxg2 Bc5 27. Nde2 Ng4
28. Nd1 Rfd8 29. Rc3 Rxd1+ 30. Kxd1 Ne3+ 31. Rxe3 Bxe3 32. b3 a5 33. Nc3 cxb3
34. cxb3 Rb4 35. Ke2 Bf4 36. Kf3 Be5 37. Ne4 a4 38. bxa4 Rxa4 39. Re2 Ra3+ 40.
Kg2 Bf4 41. Rf2 Be5 42. Re2 Bd4 43. Rd2 Ba1 44. Rf2 Ra7 45. Nd6 Be5 46. Ne4 Kf8
47. Re2 Ra5 48. Nf2 Ke7 49. Ne4 Ra3 50. Kf2 Rh3 51. a4 Ra3 52. Kg2 Rxa4 53. Nc5
Rg4+ 54. Kf3 Bd4 55. Ne4 Rxh4 56. Rd2 e5 57. Re2 Rh3+ 58. Kg2 Re3 59. Rxe3 Bxe3
60. Kf3 Bd4 61. Kg3 Ke6 62. Kg2 Bb2
0-1

[Event "Oslo Chess International - Håvard Vederhus' memorial"]
[Site "Ullevaal Stadion"]
[Date "2013.09.29"]
[Round "1"]
[White "Pettersen, Jøran Sten"]
[Black "Ondo, Shaun"]
[Result "1-0"]
[WhiteElo "1837"]
[BlackElo "1205"]
[PlyCount "65"]
[EventDate "2013.??.??"]

1. d4 d5 2. c4 e6 3. Nc3 Nf6 4. cxd5 exd5 5. Bg5 c6 6. e3 h6 7. Bh4 Be7 8. Bd3
O-O 9. Nge2 Be6 10. O-O b6 11. Qa4 c5 12. Rac1 c4 13. Bb1 a6 14. Bxf6 Bxf6 15.
Qc2 g6 16. Ng3 Nd7 17. f4 Bg7 18. f5 gxf5 19. Nxf5 Re8 20. Nxg7 Kxg7 21. Qh7+
Kf8 22. Qxh6+ Ke7 23. e4 dxe4 24. Nxe4 Rh8 25. Qf4 Qg8 26. Rce1 Qg7 27. Qd6+
Ke8 28. d5 Bh3 29. Ng3+ Kd8 30. gxh3 Rxh3 31. Bf5 Qd4+ 32. Kg2 Rxg3+ 33. hxg3
1-0

[Event "Oslo Chess International - Håvard Vederhus' memorial"]
[Site "Ullevaal Stadion"]
[Date "2013.09.29"]
[Round "1"]
[White "Sjøberg, Isak"]
[Black "Wibe, Per H."]
[Result "0-1"]
[WhiteElo "1100"]
[BlackElo "1823"]
[PlyCount "38"]
[EventDate "2013.??.??"]

1. e4 c6 2. d4 d6 3. Nf3 Nd7 4. Nc3 e5 5. dxe5 dxe5 6. Bc4 Be7 7. O-O Ngf6 8.
Be3 O-O 9. Qd3 Qc7 10. Nd2 Ng4 11. f4 Nxe3 12. Qxe3 Bc5 13. Qxc5 Nxc5 14. Rad1
Bg4 15. Rde1 exf4 16. h3 Bh5 17. e5 Rad8 18. Nde4 Qxe5 19. Nxc5 Qxc5+
0-1

[Event "Oslo Chess International - Håvard Vederhus' memorial"]
[Site "Ullevaal Stadion"]
[Date "2013.09.29"]
[Round "1"]
[White "Machlik, Edit"]
[Black "Enersen, Eirik S"]
[Result "0-1"]
[WhiteElo "1820"]
[BlackElo "1009"]
[PlyCount "104"]
[EventDate "2013.??.??"]

1. e4 e6 2. d4 d5 3. Nd2 Nc6 4. Ngf3 Nge7 5. e5 a6 6. Be2 Nf5 7. Nf1 Nh4 8.
Nxh4 Qxh4 9. c3 Bd7 10. Ne3 O-O-O 11. O-O g6 12. b4 Na7 13. a4 h5 14. Qb3 c6
15. b5 cxb5 16. axb5 Bxb5 17. Rb1 Rd7 18. c4 dxc4 19. Nxc4 Bxc4 20. Bxc4 Rc7
21. Bxa6 bxa6 22. Qb8+ Kd7 23. Rd1 Qd8 24. Qb6 Ke8 25. d5 exd5 26. Bg5 Be7 27.
Bf6 Bxf6 28. exf6 Kf8 29. Qxa6 Kg8 30. Rxd5 Qxd5 31. Qb6 Qc6 32. Qe3 Rc8 33. h4
Qc5 34. Qf4 Qc7 35. Qd4 Rd8 36. Qa4 Rb8 37. Re1 Nb5 38. Re7 Qc1+ 39. Kh2 Qa3
40. Qe4 Qd6+ 41. g3 Qxf6 42. Kg2 Nd6 43. Qe1 Rb2 44. Re3 Nc4 45. Re4 Qc6 46.
Kh3 Qd7+ 47. Kg2 Qd5 48. Kh3 Qf5+ 49. Kg2 Rxf2+ 50. Qxf2 Qxe4+ 51. Kh2 Kg7 52.
Kh3 Qh1+
0-1

[Event "Oslo Chess International - Håvard Vederhus' memorial"]
[Site "Ullevaal Stadion"]
[Date "2013.09.29"]
[Round "1"]
[White "Skaslien, Ingrid"]
[Black "Ali, Karim"]
[Result "0-1"]
[WhiteElo "967"]
[BlackElo "1816"]
[PlyCount "64"]
[EventDate "2013.??.??"]

1. Nf3 Nf6 2. d4 e6 3. Bg5 Be7 4. e3 c5 5. Nbd2 Nc6 6. Bd3 Qb6 7. Nc4 Qc7 8.
Bf4 Qd8 9. Nd6+ Bxd6 10. Bxd6 cxd4 11. exd4 Qb6 12. Bc5 Qc7 13. Qd2 d6 14. Ba3
O-O 15. Qf4 e5 16. Qh4 e4 17. Qg3 exd3 18. O-O Rd8 19. cxd3 Bf5 20. Rac1 Qd7
21. b3 Bxd3 22. Rfd1 Be2 23. Rd2 Bxf3 24. Qxf3 d5 25. Qf4 Re8 26. Bd6 Re4 27.
Qg3 Rg4 28. Qf3 Qxd6 29. Re1 Re4 30. Rxe4 Nxe4 31. Re2 Nxd4 32. Qd3 Nxe2+
0-1

[Event "Oslo Chess International - Håvard Vederhus' memorial"]
[Site "Ullevaal Stadion"]
[Date "2013.09.29"]
[Round "2"]
[White "Einarsen, Kenneth"]
[Black "Jørgensen, Line Jin"]
[Result "0-1"]
[WhiteElo "2094"]
[BlackElo "1892"]
[PlyCount "110"]
[EventDate "2013.??.??"]

1. d4 d5 2. Nf3 Nf6 3. Bf4 e6 4. e3 Be7 5. h3 O-O 6. Bd3 c5 7. c3 b6 8. Ne5 Bb7
9. O-O Nc6 10. Nd2 a6 11. Qf3 Rc8 12. h4 Ne8 13. Qh3 Nxe5 14. dxe5 Nc7 15. Nf3
Qe8 16. Qg3 Kh8 17. Ng5 Bxg5 18. hxg5 g6 19. f3 Rg8 20. Kf2 Rd8 21. Rh1 Rg7 22.
Rh4 Qg8 23. Qg4 Bc6 24. Bg3 Bd7 25. Qf4 Ne8 26. Rc1 Bc8 27. Ke2 Qf8 28. c4 dxc4
29. Qxc4 Qe7 30. Bf4 Bb7 31. e4 Nc7 32. a4 Rd4 33. Qb3 Qd7 34. Be3 Rb4 35. Qd1
Rxb2+ 36. Kf1 a5 37. Rb1 Rxb1 38. Qxb1 Qxd3+ 39. Qxd3 Ba6 40. Qxa6 Nxa6 41. Ke2
Rg8 42. Kd3 Rd8+ 43. Kc4 Nb4 44. Kb5 Rd3 45. Bf4 Ra3 46. Kxb6 Rxa4 47. Rh1 Ra2
48. Rd1 c4 49. Rd8+ Kg7 50. Be3 Nd3 51. Kb5 Rxg2 52. Kxc4 Nxe5+ 53. Kb5 Nxf3
54. Bc5 Nxg5 55. e5 Kh6
0-1

[Event "Oslo Chess International - Håvard Vederhus' memorial"]
[Site "Ullevaal Stadion"]
[Date "2013.09.29"]
[Round "2"]
[White "Lindblom, Roar"]
[Black "Donchenko, Irina"]
[Result "1/2-1/2"]
[WhiteElo "1877"]
[BlackElo "2083"]
[PlyCount "54"]
[EventDate "2013.??.??"]

1. d4 d5 2. c4 dxc4 3. e3 Nf6 4. Bxc4 e6 5. Nf3 c5 6. O-O a6 7. a4 Nc6 8. Nc3
Qc7 9. Qe2 Be7 10. dxc5 Bxc5 11. e4 Ng4 12. g3 Nge5 13. Bf4 Nxf3+ 14. Qxf3 e5
15. Nd5 Qd6 16. Be3 O-O 17. Rac1 Nd4 18. Qh5 Qg6 19. Qxg6 hxg6 20. Kg2 Bd7 21.
b4 Ba7 22. a5 Nc6 23. Nb6 Rad8 24. Rfd1 Bg4 25. f3 Rxd1 26. Rxd1 Bc8 27. Bc5
Re8
1/2-1/2

[Event "Oslo Chess International - Håvard Vederhus' memorial"]
[Site "Ullevaal Stadion"]
[Date "2013.09.29"]
[Round "2"]
[White "Dulman, Egmond-Gabriel"]
[Black "Hølleland, Sigve"]
[Result "1-0"]
[WhiteElo "2077"]
[BlackElo "1741"]
[PlyCount "65"]
[EventDate "2013.??.??"]

1. e4 Nf6 2. Nc3 d5 3. exd5 Nxd5 4. Bc4 Nb6 5. Bb3 Nc6 6. Nf3 e6 7. d4 Be7 8.
Qd3 Nd5 9. Ne4 Nf6 10. Ng3 a5 11. c3 Na7 12. Ne5 O-O 13. O-O c5 14. Bc2 cxd4
15. cxd4 Nc6 16. Nxc6 bxc6 17. Ne4 Nxe4 18. Qxe4 f5 19. Qxc6 Ra6 20. Qc4 Bd6
21. f4 Qh4 22. Bd2 g5 23. g3 Qh3 24. Rf2 Bb8 25. Re1 Kh8 26. d5 gxf4 27. Bc3+
Kg8 28. dxe6 fxg3 29. Rg2 Ba7+ 30. Kh1 f4 31. e7+ Re6 32. exf8=Q+ Kxf8 33.
Qxc8+
1-0

[Event "Oslo Chess International - Håvard Vederhus' memorial"]
[Site "Ullevaal Stadion"]
[Date "2013.09.29"]
[Round "2"]
[White "Hjelle, Øyvind"]
[Black "Gonzàlez, Francisco Silva"]
[Result "0-1"]
[WhiteElo "1413"]
[BlackElo "2071"]
[PlyCount "60"]
[EventDate "2013.??.??"]

1. e4 e5 2. Nf3 Nc6 3. Bb5 a6 4. Ba4 Nf6 5. Qe2 b5 6. Bb3 Bc5 7. O-O d6 8. h3
Be6 9. d3 O-O 10. Bg5 h6 11. Be3 Bxe3 12. Qxe3 Nh5 13. Nc3 Nb4 14. Nd5 Nxd5 15.
exd5 Bd7 16. c3 f5 17. Rad1 Kh8 18. Bc2 Qf6 19. d4 Rae8 20. dxe5 dxe5 21. Rfe1
e4 22. Nd2 Qh4 23. Nf1 Rf6 24. Rd4 Rg6 25. Kh2 f4 26. Rxe4 Rxg2+ 27. Kh1 Rxe4
28. Bxe4 fxe3 29. Bxg2 exf2 30. Re4 Nf4
0-1

[Event "Oslo Chess International - Håvard Vederhus' memorial"]
[Site "Ullevaal Stadion"]
[Date "2013.09.29"]
[Round "2"]
[White "Bryn, Askild"]
[Black "Aure, Anders Nilsson"]
[Result "1-0"]
[WhiteElo "2064"]
[BlackElo "1622"]
[PlyCount "49"]
[EventDate "2013.??.??"]

1. e4 c5 2. Nc3 e6 3. f4 Nc6 4. Nf3 g6 5. Bc4 Bg7 6. f5 Nge7 7. fxe6 dxe6 8. d3
O-O 9. O-O a6 10. a4 b6 11. Qe1 Ne5 12. Nxe5 Bxe5 13. Bh6 Bg7 14. Bxg7 Kxg7 15.
Qg3 Nc6 16. Rf2 Bb7 17. Raf1 Qe7 18. Ne2 Bc8 19. Nf4 Bb7 20. Nh5+ Kh8 21. Nf6
Rad8 22. Qh4 h5 23. Qg5 Kg7 24. Nxh5+ Kh7 25. Qxe7
1-0

[Event "Oslo Chess International - Håvard Vederhus' memorial"]
[Site "Ullevaal Stadion"]
[Date "2013.09.29"]
[Round "2"]
[White "Moseng, Geir"]
[Black "Storesund, Henrik"]
[Result "1-0"]
[WhiteElo "2052"]
[BlackElo "1871"]
[PlyCount "75"]
[EventDate "2013.??.??"]

1. d4 Nf6 2. c4 g6 3. Nc3 Bg7 4. e4 d6 5. Nge2 O-O 6. f3 e5 7. Be3 c6 8. Qd2
Na6 9. d5 cxd5 10. cxd5 Bd7 11. Ng3 h5 12. Bb5 Qa5 13. Bxd7 Nxd7 14. O-O Nac5
15. Rab1 Qb4 16. Rfd1 Rfc8 17. Rbc1 Nb6 18. b3 Nbd7 19. Rc2 a6 20. Nb1 Qxd2 21.
Rdxd2 b5 22. Rd1 a5 23. Kf1 Kh7 24. Ke2 Nxe4 25. Rc6 Nxg3+ 26. hxg3 Bf8 27. Na3
b4 28. Nc4 a4 29. bxa4 Rxc6 30. dxc6 Nf6 31. c7 Rc8 32. Bb6 Ne8 33. Ne3 Kg7 34.
Nd5 f5 35. a5 Kf7 36. a6 Ke6 37. a7 Kd7 38. Ba5
1-0

[Event "Oslo Chess International - Håvard Vederhus' memorial"]
[Site "Ullevaal Stadion"]
[Date "2013.09.29"]
[Round "2"]
[White "Grønn, Eskil Ekeland"]
[Black "Palsson, Halldor"]
[Result "1-0"]
[WhiteElo "1866"]
[BlackElo "2051"]
[PlyCount "61"]
[EventDate "2013.??.??"]

1. d4 Nf6 2. Nc3 d5 3. Bg5 Nbd7 4. Qd3 g6 5. f3 Bg7 6. e4 h6 7. Bh4 g5 8. Bf2
dxe4 9. fxe4 Ng4 10. Bg3 e5 11. d5 h5 12. h3 Nh6 13. O-O-O h4 14. Bf2 Nf8 15.
Qb5+ Nd7 16. Nf3 a6 17. Qb4 Bf8 18. Qa4 Rb8 19. Nxe5 Bg7 20. Nc6 bxc6 21. dxc6
O-O 22. cxd7 Bb7 23. Bc5 Qf6 24. Bxf8 Rxf8 25. e5 Qd8 26. Qa5 Nf5 27. e6 fxe6
28. Bc4 Nd4 29. Ne2 Qxd7 30. Nxd4 Bxd4 31. Qxg5+
1-0

[Event "Oslo Chess International - Håvard Vederhus' memorial"]
[Site "Ullevaal Stadion"]
[Date "2013.09.29"]
[Round "2"]
[White "Andersen, Dag"]
[Black "Kjølberg, Jens Hjorth"]
[Result "0-1"]
[WhiteElo "1852"]
[BlackElo "2031"]
[PlyCount "70"]
[EventDate "2013.??.??"]

1. d4 Nf6 2. Nf3 g6 3. Bg5 Bg7 4. Nbd2 O-O 5. c3 d6 6. e4 c5 7. Bd3 h6 8. Bxf6
Bxf6 9. O-O cxd4 10. cxd4 Nc6 11. Nb3 Qb6 12. Qd2 h5 13. Be2 a5 14. d5 a4 15.
dxc6 axb3 16. axb3 Rxa1 17. Rxa1 bxc6 18. Qc2 Be6 19. Ra3 Rb8 20. Bd1 Kg7 21.
h3 Qb4 22. Kh2 c5 23. Qe2 Bd7 24. Ra2 Be6 25. Ra3 Qb7 26. e5 dxe5 27. Nxe5 Qc7
28. f4 Rb4 29. Nd3 Rd4 30. g3 Bxh3 31. Bc2 Bf5 32. Ra4 Qd6 33. Rxd4 Qxd4 34.
Qd1 h4 35. g4 Bxd3
0-1

[Event "Oslo Chess International - Håvard Vederhus' memorial"]
[Site "Ullevaal Stadion"]
[Date "2013.09.29"]
[Round "2"]
[White "Omtvedt, Per"]
[Black "Bue, Gunnar"]
[Result "1-0"]
[WhiteElo "2018"]
[BlackElo "1728"]
[PlyCount "45"]
[EventDate "2013.??.??"]

1. e4 d6 2. d4 Nf6 3. Nc3 g6 4. f4 Bg7 5. Nf3 O-O 6. Bd3 Nc6 7. O-O e5 8. d5
Nb8 9. fxe5 dxe5 10. Bg5 h6 11. Bh4 c6 12. dxc6 Nxc6 13. Nd5 Qd6 14. Nxf6+ Bxf6
15. Bxf6 Qxf6 16. Qd2 Qg7 17. Bc4 Bg4 18. c3 Rad8 19. Qe3 Kh7 20. h3 Bxf3 21.
Rxf3 a6 22. Raf1 b5 23. Rxf7
1-0

[Event "Oslo Chess International - Håvard Vederhus' memorial"]
[Site "Ullevaal Stadion"]
[Date "2013.09.29"]
[Round "2"]
[White "Enersen, Eirik S"]
[Black "Sødtholt, Dag"]
[Result "0-1"]
[WhiteElo "1009"]
[BlackElo "1994"]
[PlyCount "120"]
[EventDate "2013.??.??"]

1. e4 c5 2. Nf3 d6 3. Bb5+ Nd7 4. c4 Ngf6 5. e5 dxe5 6. Nxe5 a6 7. Nxd7 Bxd7 8.
Bxd7+ Qxd7 9. Nc3 g6 10. Qa4 O-O-O 11. Qxd7+ Rxd7 12. Na4 Rc7 13. b3 Bg7 14.
Bb2 b5 15. cxb5 axb5 16. Nb6+ Kb7 17. Nd5 Nxd5 18. Bxg7 Ra8 19. Bc3 b4 20. Bb2
Nf4 21. O-O Nd3 22. Rfb1 Rc6 23. a4 bxa3 24. Rxa3 Rxa3 25. Bxa3 Ra6 26. Bc1 Rb6
27. g3 c4 28. Ba3 Rxb3 29. Ra1 e6 30. Kf1 h5 31. Ke2 Kc6 32. f4 h4 33. Ke3 Nb4+
34. Ke4 Nc2 35. Rg1 Rxa3 36. Ke5 hxg3 37. Rxg3 Rxg3 38. hxg3 Kd7 39. g4 Ke7 40.
f5 f6+ 41. Kf4 exf5 42. gxf5 gxf5 43. Kxf5 Kf7 44. Kf4 Ke6 45. Ke4 f5+ 46. Kf4
Kf6 47. Kf3 Ke5 48. Kg3 Ke4 49. Kf2 Kd3 50. Kf3 Nd4+ 51. Kg2 Kxd2 52. Kf2 c3
53. Kg3 c2 54. Kf4 c1=Q 55. Ke5 Kd3 56. Kd5 f4 57. Ke5 f3 58. Kd5 f2 59. Ke5
f1=Q 60. Kd6 Qf7
0-1

[Event "Oslo Chess International - Håvard Vederhus' memorial"]
[Site "Ullevaal Stadion"]
[Date "2013.09.29"]
[Round "2"]
[White "Rygg, Snorre"]
[Black "Torgersen, Terje"]
[Result "1/2-1/2"]
[WhiteElo "1844"]
[BlackElo "1977"]
[PlyCount "53"]
[EventDate "2013.??.??"]

1. Nf3 Nf6 2. c4 g6 3. Nc3 Bg7 4. g3 O-O 5. Bg2 d5 6. cxd5 Nxd5 7. d4 Nxc3 8.
bxc3 c5 9. O-O Qa5 10. Qb3 Nc6 11. Bb2 cxd4 12. cxd4 Be6 13. Qd3 Bf5 14. e4 Bg4
15. Nd2 Rad8 16. Bc3 Rxd4 17. Bxd4 Nxd4 18. f3 Be6 19. e5 Qxe5 20. Ne4 Bf5 21.
Rae1 Qa5 22. Qd2 Qb6 23. Kh1 Rd8 24. Qf2 Qa5 25. Rb1 b6 26. Rfd1 Bxe4 27. fxe4
1/2-1/2

[Event "Oslo Chess International - Håvard Vederhus' memorial"]
[Site "Ullevaal Stadion"]
[Date "2013.09.29"]
[Round "2"]
[White "Khachatourian, Yerazik"]
[Black "Johansen, Torbjørn Reidar"]
[Result "0-1"]
[WhiteElo "1972"]
[BlackElo "1855"]
[PlyCount "63"]
[EventDate "2013.??.??"]

1. e4 e5 2. Bc4 Nf6 3. d3 h6 4. f4 d6 5. Nf3 Bg4 6. fxe5 Bxf3 7. Qxf3 dxe5 8.
Be3 Nbd7 9. Nd2 c6 10. a3 g5 11. O-O Bg7 12. Qf5 Qe7 13. Rad1 O-O 14. Nf3 Ne8
15. d4 Nd6 16. Qg4 Nxc4 17. Bxg5 Qe6 18. Qg3 hxg5 19. Nxg5 Qg6 20. h4 exd4 21.
Rd3 Be5 22. Qh3 Nc5 23. Rf5 Nxd3 24. cxd3 Ne3 25. Rxe5 f6 26. Re6 Qh5 27. Nf3
Rac8 28. Rd6 Rcd8 29. Qe6+ Qf7 30. Nxd4 Qxe6 31. Rxe6 Rxd4 32. Kf2
0-1

[Event "Oslo Chess International - Håvard Vederhus' memorial"]
[Site "Ullevaal Stadion"]
[Date "2013.09.29"]
[Round "2"]
[White "Carlsen, Ellen Øen"]
[Black "Pettersen, Jøran Sten"]
[Result "1/2-1/2"]
[WhiteElo "1945"]
[BlackElo "1837"]
[PlyCount "54"]
[EventDate "2013.??.??"]

1. e4 d6 2. d4 Nf6 3. Nc3 c6 4. a4 Nbd7 5. Nf3 e5 6. Bc4 Be7 7. O-O O-O 8. Qe2
h6 9. h3 Re8 10. dxe5 Nxe5 11. Nxe5 dxe5 12. Be3 Qc7 13. Qf3 Bd8 14. Rad1 Qe7
15. Ne2 Be6 16. Bxe6 Qxe6 17. Ng3 Bb6 18. Nf5 Bxe3 19. fxe3 Rad8 20. Rxd8 Rxd8
21. Nxh6+ gxh6 22. Qxf6 Qxf6 23. Rxf6 Kg7 24. Rf2 Rd1+ 25. Rf1 Rd2 26. Rf2 Rd1+
27. Rf1 Rd2
1/2-1/2

[Event "Oslo Chess International - Håvard Vederhus' memorial"]
[Site "Ullevaal Stadion"]
[Date "2013.09.29"]
[Round "2"]
[White "Wibe, Per H."]
[Black "Lien, Kjell Håkon"]
[Result "0-1"]
[WhiteElo "1823"]
[BlackElo "1939"]
[PlyCount "60"]
[EventDate "2013.??.??"]

1. e4 c5 2. Nc3 Nc6 3. f4 g6 4. Nf3 Bg7 5. Bc4 e6 6. O-O Nge7 7. a3 O-O 8. d3
d5 9. exd5 exd5 10. Ba2 Bg4 11. Ne2 Nd4 12. Nexd4 Bxd4+ 13. Kh1 Nf5 14. c3 Bg7
15. Qe1 Bxf3 16. Rxf3 Re8 17. Qf2 d4 18. Bd2 Qd7 19. g4 dxc3 20. bxc3 Nd4 21.
cxd4 Bxd4 22. Qf1 Bxa1 23. Qxa1 Re2 24. f5 Qc6 25. Qf1 Rxd2 26. Bxf7+ Kxf7 27.
fxg6+ Kxg6 28. Qh3 Re8 29. Qh5+ Kg7 30. Qg5+ Kh8
0-1

[Event "Oslo Chess International - Håvard Vederhus' memorial"]
[Site "Ullevaal Stadion"]
[Date "2013.09.29"]
[Round "2"]
[White "Harstad, Christian"]
[Black "Ali, Karim"]
[Result "1-0"]
[WhiteElo "1917"]
[BlackElo "1816"]
[PlyCount "93"]
[EventDate "2013.??.??"]

1. d4 e6 2. e4 d5 3. e5 c5 4. c3 Nc6 5. Nf3 Qb6 6. Bd3 Bd7 7. O-O cxd4 8. cxd4
Nxd4 9. Nxd4 Qxd4 10. Nc3 a6 11. Re1 Bb4 12. Be3 Qh4 13. g3 Qe7 14. Qg4 f5 15.
exf6 Nxf6 16. Qh4 Bxc3 17. bxc3 Qf7 18. Rab1 b5 19. Bc5 Qh5 20. Qf4 Kf7 21. Qd6
Rhe8 22. Re5 Qh3 23. Bf1 Qh6 24. Be3 Qg6 25. Rb2 Kg8 26. Rg5 Qf7 27. Bd3 Qe7
28. Qe5 Bc6 29. Bd4 Rf8 30. Re2 h6 31. Rg6 Be8 32. Rxf6 Rxf6 33. Qe3 Bd7 34. f4
Qf7 35. Be5 Qf8 36. h4 Rc8 37. Bd4 Re8 38. Rf2 Rc8 39. g4 Qe7 40. g5 hxg5 41.
hxg5 Rff8 42. Qh3 e5 43. Bh7+ Kf7 44. Qh5+ Ke6 45. Qg6+ Rf6 46. gxf6 gxf6 47.
fxe5
1-0

[Event "Oslo Chess International - Håvard Vederhus' memorial"]
[Site "Ullevaal Stadion"]
[Date "2013.09.29"]
[Round "2"]
[White "Moberg, Jan Rune"]
[Black "Kverndal, Leif"]
[Result "0-1"]
[WhiteElo "1714"]
[BlackElo "1851"]
[PlyCount "62"]
[EventDate "2013.??.??"]

1. d4 Nf6 2. c4 e5 3. dxe5 Ng4 4. Nf3 d6 5. h3 Nxe5 6. Nxe5 dxe5 7. Qxd8+ Kxd8
8. e3 b6 9. Be2 Bb7 10. O-O f5 11. Nc3 Bd6 12. a3 a5 13. b3 Ke7 14. Bb2 Nd7 15.
Nb5 Nc5 16. Nxd6 cxd6 17. b4 Nb3 18. c5 Nxa1 19. cxd6+ Kxd6 20. Rd1+ Ke7 21.
Rxa1 axb4 22. axb4 Rxa1+ 23. Bxa1 Kd6 24. f4 exf4 25. exf4 Rg8 26. Be5+ Ke6 27.
g4 g6 28. Kf2 Be4 29. Ke3 Kd5 30. Ba6 Kc6 31. Bf6 b5
0-1

[Event "Oslo Chess International - Håvard Vederhus' memorial"]
[Site "Ullevaal Stadion"]
[Date "2013.09.29"]
[Round "2"]
[White "Sajjadi, Kimiya"]
[Black "Andersen, Guttorm"]
[Result "0-1"]
[WhiteElo "1465"]
[BlackElo "1794"]
[PlyCount "86"]
[EventDate "2013.??.??"]

1. e4 c6 2. Nc3 d5 3. d4 dxe4 4. Nxe4 Bf5 5. Ng3 Bg6 6. Nf3 Nd7 7. h4 h6 8. h5
Bh7 9. Bd3 Bxd3 10. Qxd3 e6 11. Bf4 Qa5+ 12. c3 Ngf6 13. Ne5 Nxe5 14. Bxe5 Ng4
15. Bf4 Be7 16. Qf3 Nf6 17. Ne2 Rd8 18. Be5 Qd5 19. Qg3 Rg8 20. Nf4 Qe4+ 21.
Qe3 Qxe3+ 22. fxe3 Ng4 23. Ke2 Nxe5 24. dxe5 Bc5 25. Rad1 Ke7 26. Nd3 Bb6 27.
Rd2 Bc7 28. Rhd1 Bb6 29. Nf2 Rxd2+ 30. Rxd2 f5 31. exf6+ gxf6 32. g4 Rg5 33.
Kf3 f5 34. Rd3 fxg4+ 35. Nxg4 Rxh5 36. Kg2 Rg5 37. Kf3 h5 38. Nf2 Bc7 39. Ne4
Rf5+ 40. Kg2 Rd5 41. Rxd5 exd5 42. Nd2 Kf6 43. e4 Bf4
0-1

[Event "Oslo Chess International - Håvard Vederhus' memorial"]
[Site "Ullevaal Stadion"]
[Date "2013.09.29"]
[Round "2"]
[White "Kalkman - De Koster, Franzke"]
[Black "Huse, Sigurd Kjelsbøl"]
[Result "1/2-1/2"]
[WhiteElo "1589"]
[BlackElo "1753"]
[PlyCount "74"]
[EventDate "2013.??.??"]

1. d4 d5 2. c4 c6 3. Nf3 Nf6 4. Nc3 Nbd7 5. Bf4 e6 6. c5 Be7 7. e3 O-O 8. Bd3
Re8 9. O-O Nh5 10. Qc2 Nxf4 11. Bxh7+ Kh8 12. exf4 g6 13. Bxg6 fxg6 14. Qxg6
Bf6 15. Rae1 b6 16. b4 bxc5 17. bxc5 Ba6 18. Ne2 Qe7 19. Ng5 Bxg5 20. fxg5 Qh7
21. Qxh7+ Kxh7 22. f4 Bc4 23. a3 Rf8 24. Rf3 Rab8 25. Rh3+ Kg7 26. Rh6 Bxe2 27.
Rxe2 Rxf4 28. Rhxe6 Rb1+ 29. Re1 Rxe1+ 30. Rxe1 Kf7 31. g6+ Kxg6 32. Re6+ Rf6
33. Re7 Rf7 34. Re6+ Rf6 35. Re7 Rf7 36. Re6+ Rf6 37. Re7 Rf7
1/2-1/2

[Event "Oslo Chess International - Håvard Vederhus' memorial"]
[Site "Ullevaal Stadion"]
[Date "2013.09.29"]
[Round "2"]
[White "Olsen, Ulrik"]
[Black "Lien, Johan"]
[Result "1-0"]
[WhiteElo "1731"]
[BlackElo "1398"]
[PlyCount "39"]
[EventDate "2013.??.??"]

1. e4 e5 2. Nf3 Nc6 3. Bb5 a6 4. Ba4 Nf6 5. O-O Bc5 6. d3 b5 7. Bb3 O-O 8. c3
d6 9. Re1 Bg4 10. Nbd2 Bxf3 11. Nxf3 b4 12. Bg5 h6 13. Bh4 g5 14. Bg3 a5 15.
Rc1 Qd7 16. d4 exd4 17. cxd4 Bb6 18. Ba4 d5 19. Bxc6 Qd6 20. Bxd6
1-0

[Event "Oslo Chess International - Håvard Vederhus' memorial"]
[Site "Ullevaal Stadion"]
[Date "2013.09.29"]
[Round "2"]
[White "Machlik, Endre"]
[Black "Vederhus, Alf"]
[Result "1-0"]
[WhiteElo "1692"]
[BlackElo "1278"]
[PlyCount "37"]
[EventDate "2013.??.??"]

1. d4 d5 2. c4 c6 3. Nc3 dxc4 4. a4 Nf6 5. e4 Bg4 6. Nf3 e6 7. Bxc4 Bb4 8. Qd3
O-O 9. Bg5 Be7 10. O-O Nbd7 11. e5 Nd5 12. Bxe7 Qxe7 13. Ne4 Bf5 14. Qe2 N7b6
15. Bxd5 Nxd5 16. Nd6 Bg6 17. Qc4 Be4 18. Nxe4 Nb6 19. Qc5
1-0

[Event "Oslo Chess International - Håvard Vederhus' memorial"]
[Site "Ullevaal Stadion"]
[Date "2013.09.29"]
[Round "2"]
[White "Ondo, Shaun"]
[Black "Yilmaz, Kazim"]
[Result "1/2-1/2"]
[WhiteElo "1205"]
[BlackElo "1683"]
[PlyCount "49"]
[EventDate "2013.??.??"]

1. Nf3 Nf6 2. g3 Nc6 3. d4 d5 4. Bg2 Bg4 5. O-O e6 6. b3 Be7 7. Bb2 O-O 8. c4
Ne4 9. h3 Bf5 10. Nbd2 Bf6 11. e3 Re8 12. Nxe4 Bxe4 13. Qd2 a5 14. c5 b5 15.
cxb6 cxb6 16. a3 Be7 17. Rac1 Qd7 18. Qe2 Qb7 19. Nd2 Bxg2 20. Kxg2 f5 21. g4
g6 22. Rc3 Rac8 23. gxf5 exf5 24. Rfc1 Na7 25. Rxc8
1/2-1/2

[Event "Oslo Chess International - Håvard Vederhus' memorial"]
[Site "Ullevaal Stadion"]
[Date "2013.09.29"]
[Round "2"]
[White "Keadana, Amir"]
[Black "Sjøberg, Isak"]
[Result "1-0"]
[WhiteElo "1662"]
[BlackElo "1100"]
[PlyCount "27"]
[EventDate "2013.??.??"]

1. e4 e5 2. Nf3 Nc6 3. Bc4 f5 4. d3 Nf6 5. Nc3 h6 6. O-O Bc5 7. Na4 Bb6 8. Nxb6
axb6 9. a3 d6 10. Nh4 fxe4 11. dxe4 Nxe4 12. Qh5+ Kd7 13. Qf5+ Ke7 14. Qf7#
1-0

[Event "Oslo Chess International - Håvard Vederhus' memorial"]
[Site "Ullevaal Stadion"]
[Date "2013.09.29"]
[Round "2"]
[White "Skaslien, Ingrid"]
[Black "Mørkedal, Øyvind"]
[Result "0-1"]
[WhiteElo "967"]
[BlackElo "1649"]
[PlyCount "92"]
[EventDate "2013.??.??"]

1. Nf3 d5 2. d4 c6 3. Bf4 Nf6 4. Nbd2 Bf5 5. e3 e6 6. Be2 Bd6 7. Ne5 O-O 8. Bg5
c5 9. Ndf3 cxd4 10. exd4 Be7 11. O-O Nfd7 12. Bxe7 Qxe7 13. Bd3 Nxe5 14. dxe5
Bg4 15. Be2 Nc6 16. c4 dxc4 17. Qd6 Rfd8 18. Qxe7 Nxe7 19. h3 Bxf3 20. Bxf3 Nd5
21. Rac1 b5 22. a4 a6 23. Rfd1 Rac8 24. a5 Rb8 25. Kf1 Nb4 26. Rd6 Rxd6 27.
exd6 Rd8 28. Rd1 Nd3 29. Be4 Rxd6 30. g3 Kf8 31. Ke2 Ke7 32. Bxd3 cxd3+ 33.
Rxd3 Rxd3 34. Kxd3 Kd6 35. b4 Kd5 36. f4 h5 37. g4 hxg4 38. hxg4 f5 39. g5 g6
40. Ke3 e5 41. fxe5 Kxe5 42. Kf3 Kd4 43. Kf4 Kd5 44. Ke3 Ke5 45. Kf3 f4 46. Kf2
Kf5
0-1